|
|
|
|
| LEADER |
01974cas a2200313 a 4500 |
| 001 |
AALejournalIMF022513 |
| 008 |
230101c9999 xx r poo 0 0eng d |
| 020 |
|
|
|c 5.00 USD
|
| 020 |
|
|
|z 9798400203466
|
| 022 |
|
|
|a 1018-5941
|
| 040 |
|
|
|a BD-DhAAL
|c BD-DhAAL
|
| 100 |
1 |
|
|a Albuquerque, Bruno.
|
| 245 |
1 |
0 |
|a Financial Concerns and the Marginal Propensity to Consume in COVID Times :
|b Evidence from UK Survey Data /
|c Bruno Albuquerque, Georgina Green.
|
| 264 |
|
1 |
|a Washington, D.C. :
|b International Monetary Fund,
|c 2022.
|
| 300 |
|
|
|a 1 online resource (52 pages)
|
| 490 |
1 |
|
|a IMF Working Papers
|
| 500 |
|
|
|a <strong>Off-Campus Access:</strong> No User ID or Password Required
|
| 500 |
|
|
|a <strong>On-Campus Access:</strong> No User ID or Password Required
|
| 506 |
|
|
|a Electronic access restricted to authorized BRAC University faculty, staff and students
|
| 520 |
3 |
|
|a We study how household concerns about their future financial situation may affect the marginal propensity to consume (MPC) during the COVID-19 pandemic. We use a representative survey of UK households to compute the MPC from a hypothetical transfer of pound 500. We find that household expectations play a key role in determining differences in MPCs across households: households concerned about not being able to make ends meet have a 20% higher MPC than other households. Our findings suggest that policies targeted to vulnerable and financially distressed households may prove more effective in stimulating demand than providing stimulus payments to all households.
|
| 538 |
|
|
|a Mode of access: Internet
|
| 650 |
|
7 |
|a Consumer Economics
|2 imf
|
| 650 |
|
7 |
|a Fiscal Policy
|2 imf
|
| 650 |
|
7 |
|a Macroeconomics
|2 imf
|
| 650 |
|
7 |
|a Saving
|2 imf
|
| 650 |
|
7 |
|a Wealth
|2 imf
|
| 700 |
1 |
|
|a Green, Georgina.
|
| 830 |
|
0 |
|a IMF Working Papers; Working Paper ;
|v No. 2022/047
|
| 856 |
4 |
0 |
|z Full text available on IMF
|u http://elibrary.imf.org/view/journals/001/2022/047/001.2022.issue-047-en.xml
|z IMF e-Library
|